[Event "ARM-ch 1st League 79th"]
[Site "Yerevan"]
[Date "2018.08.20"]
[Round "11"]
[White "Martirosyan, Garik"]
[Black "Hakobyan, Aram"]
[Result "0-1"]
[WhiteElo "2145"]
[BlackElo "2545"]
[PlyCount "60"]
[EventDate "2018.08.09"]
[EventType "tourn"]
[EventRounds "13"]
[EventCountry "ARM"]
[EventCategory "5"]
[SourceTitle "CBM 186 Extra"]
[Source "ChessBase"]
[SourceDate "2018.08.24"]
[SourceVersion "1"]
[SourceVersionDate "2018.08.24"]
[SourceQuality "1"]

1. d4 e6 2. c4 Nf6 3. Nc3 Bb4 4. Nf3 c5 5. e3 Bxc3+ 6. bxc3 d6 7. Bd3 Nc6 8. Nd2 e5 9. d5 Ne7 10. e4 h6 11. Nf1 Ng6 12. g3 Bh3 13. Ne3 Qd7 14. Qf3 Ne7 15. Bd2 Ng4 16. Nxg4 Bxg4 17. Qe3 f5 18. exf5 Bxf5 19. f4 0-0 20. fxe5 Bxd3 21. Qxd3 dxe5 22. 0-0-0 Qa4 23. Rde1 Nf5 24. Rxe5 Nd6 25. Re7 Rf6 26. Qe2 Raf8 27. Bf4 Nxc4 28. Rxb7 Qa3+ 29. Kd1 Qxc3 30. Qg4 Rxf4 0-1

[Event "ARM-ch 1st League 79th"]
[Site "Yerevan"]
[Date "2018.08.19"]
[Round "10"]
[White "Gharibyan, Mamikon"]
[Black "Martirosyan, Garik"]
[Result "1/2-1/2"]
[WhiteElo "2341"]
[BlackElo "2145"]
[PlyCount "87"]
[EventDate "2018.08.09"]
[EventType "tourn"]
[EventRounds "13"]
[EventCountry "ARM"]
[EventCategory "5"]
[SourceTitle "CBM 186 Extra"]
[Source "ChessBase"]
[SourceDate "2018.08.24"]
[SourceVersion "1"]
[SourceVersionDate "2018.08.24"]
[SourceQuality "1"]

1. d4 Nf6 2. Nf3 e6 3. c4 d5 4. Nc3 Be7 5. Bf4 0-0 6. Rc1 Ne4 7. e3 Nxc3 8. bxc3 c5 9. Bd3 Nc6 10. 0-0 dxc4 11. Bxc4 b6 12. Qe2 Bd6 13. Ne5 Qc7 14. Qf3 Bb7 15. Qg3 Ne7 16. Rfd1 Bd5 17. Bd3 c4 18. Nxc4 Bxf4 19. Qxf4 Qxf4 20. exf4 Rfc8 21. Ne3 Bxa2 22. c4 Bb3 23. Rd2 a5 24. Rb1 a4 25. g3 Ra7 26. f5 Nxf5 27. Bxf5 exf5 28. d5 Rd7 29. d6 Rcd8 30. Nxf5 g6 31. Nd4 Bxc4 32. Rb4 Bd5 33. Nb5 Bc6 34. Ra2 Bxb5 35. Rxb5 Rxd6 36. Rxa4 Rc8 37. Rb2 Kg7 38. Ra7 h5 39. Rb7 Rcc6 40. h4 Rf6 41. Kg2 Rcd6 42. Rb8 Rc6 43. Rb7 Rcd6 44. Rb8 1/2-1/2

[Event "ARM-ch 1st League 79th"]
[Site "Yerevan"]
[Date "2018.08.10"]
[Round "2"]
[White "Martirosyan, Garik"]
[Black "Hayrapetyan, Hovik"]
[Result "0-1"]
[WhiteElo "2145"]
[BlackElo "2439"]
[PlyCount "130"]
[EventDate "2018.08.09"]
[EventType "tourn"]
[EventRounds "13"]
[EventCountry "ARM"]
[EventCategory "5"]
[SourceTitle "CBM 186 Extra"]
[Source "ChessBase"]
[SourceDate "2018.08.24"]
[SourceVersion "1"]
[SourceVersionDate "2018.08.24"]
[SourceQuality "1"]

1. d4 Nf6 2. c4 e6 3. Nc3 Bb4 4. Nf3 b6 5. e3 Bb7 6. Bd3 0-0 7. 0-0 Bxc3 8. bxc3 d6 9. Nd2 e5 10. f3 Qe7 11. e4 c5 12. Rf2 cxd4 13. cxd4 Nc6 14. Nb3 Rfd8 15. Be3 Rac8 16. d5 Nb4 17. Bf1 Nd7 18. a3 Na6 19. a4 g6 20. a5 f5 21. exf5 gxf5 22. Rb2 Rc7 23. axb6 axb6 24. Nd2 Bc8 25. Nb1 Nab8 26. Nc3 Ba6 27. Nb5 Bxb5 28. Rxb5 Nc5 29. Rxb6 Nbd7 30. Rb5 Rdc8 31. Rba5 Rb7 32. Ra7 Rcb8 33. Qe1 Qf6 34. Qg3+ Kf7 35. Qh3 Qg6 36. Qh4 f4 37. Bf2 Nb3 38. R1a3 Nd2 39. Be2 h6 40. Be1 Nb3 41. Qh3 Ndc5 42. Rxb7+ Rxb7 43. Ra8 Rc7 44. Qh4 Qg5 45. Rh8 Kg7 46. Qxg5+ hxg5 47. Ra8 Nd4 48. Kf2 Rb7 49. Ra2 Rb3 50. Ba5 g4 51. Rd2 Nxe2 52. Kxe2 Re3+ 53. Kd1 Nb3 54. Ra2 gxf3 55. gxf3 Rxf3 56. Bc7 Nd4 57. Rg2+ Kf6 58. Bxd6 e4 59. Ke1 Re3+ 60. Kf1 f3 61. Rg4 Nf5 62. c5 Re2 63. Rf4 Kg5 64. Kg1 Nxd6 65. cxd6 Kxf4 0-1

[Event "ARM-ch 1st League 79th"]
[Site "Yerevan"]
[Date "2018.08.09"]
[Round "1"]
[White "Sargsyan, Shant"]
[Black "Martirosyan, Garik"]
[Result "1-0"]
[WhiteElo "2472"]
[BlackElo "2145"]
[PlyCount "83"]
[EventDate "2018.08.09"]
[EventType "tourn"]
[EventRounds "13"]
[EventCountry "ARM"]
[EventCategory "5"]
[SourceTitle "CBM 186 Extra"]
[Source "ChessBase"]
[SourceDate "2018.08.24"]
[SourceVersion "1"]
[SourceVersionDate "2018.08.24"]
[SourceQuality "1"]

1. e4 e5 2. Nf3 Nf6 3. Nxe5 d6 4. Nf3 Nxe4 5. Nc3 Nxc3 6. dxc3 Be7 7. Be3 0-0 8. Qd2 Nd7 9. 0-0-0 b6 10. h4 Bb7 11. h5 Nc5 12. Kb1 Bf6 13. h6 g6 14. Ng5 Re8 15. f4 d5 16. Bd4 Bxg5 17. fxg5 Ne4 18. Qf4 Qxg5 19. Qxc7 Re7 20. Qh2 Ng3 21. Rg1 Nf5 22. Bd3 Qg3 23. Qxg3 Nxg3 24. a4 Bc6 25. b3 Rae8 26. Kb2 Ne2 27. Bxe2 Rxe2 28. g4 Rh2 29. Rh1 Rg2 30. Rdg1 Rd2 31. Re1 Ree2 32. Rxe2 Rxe2 33. Bf6 Bd7 34. Rd1 Bxg4 35. Rxd5 Kf8 36. a5 bxa5 37. Rxa5 Bf5 38. Rxa7 Rxc2+ 39. Ka3 Ke8 40. Re7+ Kf8 41. Re3 Be6 42. Rd3 1-0

[Event "Yerevan Asrian Memorial 11th"]
[Site "Yerevan"]
[Date "2018.06.21"]
[Round "1"]
[White "Martirosyan, Haik M"]
[Black "Martirosyan, Garik"]
[Result "1-0"]
[WhiteElo "2572"]
[BlackElo "2128"]
[PlyCount "95"]
[EventDate "2018.06.21"]
[EventType "swiss"]
[EventRounds "9"]
[EventCountry "ARM"]
[SourceTitle "CBM 185 Extra"]
[Source "ChessBase"]
[SourceDate "2018.07.29"]
[SourceVersion "1"]
[SourceVersionDate "2018.07.29"]
[SourceQuality "1"]

1. d4 Nf6 2. c4 e6 3. Nf3 b6 4. g3 Ba6 5. Qc2 Bb4+ 6. Bd2 Be7 7. Bg2 c6 8. 0-0 d5 9. b3 0-0 10. Rd1 Nbd7 11. a4 Ne4 12. Be1 Rc8 13. a5 Nb8 14. axb6 axb6 15. Ne5 Nd6 16. Bb4 Qc7 17. Nd2 Nf5 18. Bxe7 Qxe7 19. Qb2 Rfd8 20. e4 dxe4 21. Nxe4 Rc7 22. c5 f6 23. cxb6 Rb7 24. Nc4 Bxc4 25. bxc4 Rbd7 26. c5 Nxd4 27. Re1 Nf5 28. Ra8 h5 29. h4 Qf7 30. Qa2 Kh7 31. Bh3 Nd4 32. Kg2 Rd5 33. Nd6 Qg6 34. Qc4 f5 35. Ra7 Rf8 36. f4 Qf6 37. Re3 Kg8 38. Kh2 e5 39. fxe5 Qh6 40. Rd3 f4 41. Bg2 fxg3+ 42. Rxg3 Qf4 43. Bxd5+ cxd5 44. Qxd5+ Kh8 45. Nf7+ Kg8 46. Ng5+ Kh8 47. Rf7 Qxh4+ 48. Rh3 1-0

[Event "ARM-chT"]
[Site "Yerevan"]
[Date "2018.06.12"]
[Round "5.3"]
[White "Hakobyan, Aram"]
[Black "Martirosyan, Garik"]
[Result "1-0"]
[WhiteElo "2542"]
[BlackElo "2128"]
[PlyCount "91"]
[EventDate "2018.06.08"]
[EventType "team-tourn"]
[EventRounds "7"]
[EventCountry "ARM"]
[SourceTitle "CBM 184 Extra"]
[Source "ChessBase"]
[SourceDate "2018.06.28"]
[SourceVersion "1"]
[SourceVersionDate "2018.06.28"]
[SourceQuality "1"]
[WhiteTeam "Gasparyan"]
[BlackTeam "Gasparyan II"]
[WhiteTeamCountry "ARM"]
[BlackTeamCountry "ARM"]

1. c4 e6 2. Nc3 d5 3. d4 Nf6 4. Bg5 Be7 5. e3 0-0 6. Nf3 h6 7. Bf4 c5 8. dxc5 Bxc5 9. Be2 Ne4 10. cxd5 Nxc3 11. bxc3 Qxd5 12. Qxd5 exd5 13. Nd4 Nc6 14. 0-0 Be6 15. a4 Na5 16. Bc7 b6 17. Ba6 Bc8 18. Bb5 Be6 19. Nxe6 fxe6 20. Rad1 Rf7 21. Bg3 Rb7 22. Rfe1 Be7 23. e4 a6 24. Be2 Rd8 25. Bxa6 Ra7 26. Bb5 Bf6 27. exd5 exd5 28. Be5 Kf7 29. f4 Bxe5 30. fxe5 Rc7 31. e6+ Ke7 32. Bd7 Nb7 33. Rf1 Nd6 34. Rd3 Rc5 35. Rdf3 Rc4 36. Rb1 Rb8 37. Rg3 Nf5 38. Rg6 Kd6 39. Rf1 Ne3 40. Rf7 Re4 41. Rfxg7 Nd1 42. h3 Nxc3 43. Rxh6 d4 44. e7+ Kc5 45. Rc6+ Kd5 46. Rg5+ 1-0

[Event "Yerevan op 2nd"]
[Site "Yerevan"]
[Date "2017.09.24"]
[Round "6"]
[White "Ter Sahakyan, Samvel"]
[Black "Martirosyan, Garik"]
[Result "1-0"]
[WhiteElo "2577"]
[BlackElo "2018"]
[PlyCount "91"]
[EventDate "2017.09.19"]
[EventType "swiss"]
[EventRounds "9"]
[EventCountry "ARM"]
[SourceTitle "CBM 180 Extra"]
[Source "ChessBase"]
[SourceDate "2017.10.06"]
[SourceVersion "1"]
[SourceVersionDate "2017.10.06"]
[SourceQuality "1"]

1. e4 c5 2. Nf3 Nc6 3. Bb5 g6 4. Bxc6 dxc6 5. d3 Bg7 6. h3 Nf6 7. Nc3 0-0 8. Bf4 Ne8 9. Qd2 f6 10. Bh6 e5 11. 0-0 Nc7 12. Bxg7 Kxg7 13. Ne2 Ne6 14. Qe3 b6 15. Kh1 a5 16. a4 Ra7 17. b3 Nd4 18. Nfxd4 cxd4 19. Qg3 Qd6 20. f4 Raf7 21. Rf2 Bd7 22. h4 h6 23. Kh2 Qe7 24. Raf1 Qd6 25. Rf3 b5 26. Ra1 Ra8 27. fxe5 fxe5 28. Rxf7+ Kxf7 29. Ng1 b4 30. Nf3 Re8 31. Nd2 Be6 32. h5 gxh5 33. Rf1+ Ke7 34. Qh4+ Kd7 35. Qxh5 Bg8 36. Rf5 Be6 37. Rf6 Qc5 38. Nf3 Bg8 39. Qxh6 Kc7 40. Qg6 Rd8 41. Qg7+ Kb6 42. Rf5 Qd6 43. Qxe5 Qxe5+ 44. Nxe5 Rd6 45. g4 Rh6+ 46. Rh5 1-0